000 00560nam a2200193Ia 4500
005 20250326144904.0
008 250326s9999 xx 000 0 und d
020 _a81-7881-319-x
037 _aTextbook
040 _aFMSL
_beng
_cFMSL
041 _aeng
_2eng
084 _aX:89Q P4
_qFMSL
100 _aChaturvedi B M
245 0 _aSupply chain management : Efficiency and performance measurement
_cChaturvedi B M
260 _aIndia
_bIndia, ICFAI University
_c2004
300 _a186p
942 _cTB
_hX:89Q P4
999 _c1305480
_d1305480